00340cam a22000977a 4500008004000000082002100040100002400061245010400085260003900189300001400228180718b1968 xxu||||| |||| 00| 0 eng d aR706x71 C16/ST/1 aSamlalSingh, Ruby S aTask force on labour relations, study no. 1 Broadcasting--an industry studycby Ruby S. SamlalSingh aOttawabPrivy Council Officec1968 avii, 130p